00393nam a22001337a 450000500170000000800410001704100250005808200130008310000240009624500520012026000360017230000260020865000250023420240214144510.0240213b |||||||| |||| 00| 0 eng d aAfrikaans / English  a349 TYD  lAfrikaans / English aTydskrif vir Hedendaagse Romeins-Hollandse Reg  aDurban : bButterworth, c1992  b700 pages ; c25 cm.  aLegal practice bLaw